000
00288nam a2200121Ia 4500
008
190216s9999||||xx |||||||||||||| ||und||
100
_a
Pain Hj
245
4
_a
The Physics Of Vibrations And Waves
260
_b
John Wiley & Sons
_c
1983
300
_a
415p
650
_a
Physics
942
_c
BK
999
_c
33142
_d
33142